00471nam a22001577a 450000500170000000800410001702000280005804100130008608200120009910000260011124500440013725000190018126000560020030000320025665000250028820240124075637.0231201b |||||||| |||| 00| 0 eng d a0409004480 ; 0409004499 aEnglish  a349 JOU aJoubert, WAlEnglish  aThe Law of South Africa / cWA Joubert  aFirst Reissue  aDurban : bButterworth Publishers (Pty) Ltd, c1993 bviii, 494 pages ; c26 cm.  aLegal practice bLaw